Words on paper
Gespeichert in:
| 1. Verfasser: | |
|---|---|
| Format: | Buch |
| Sprache: | Undetermined |
| Veröffentlicht: |
New York, Estados Unidos
Hawthorn Books
1961
|
| Schlagworte: | |
| Tags: |
Tag hinzufügen
Keine Tags, Fügen Sie den ersten Tag hinzu!
|
MARC
| LEADER | 00000nam a2200000Ia 4500 | ||
|---|---|---|---|
| 008 | 170316s9999 xx 000 0 und d | ||
| 090 | |a 415-I C-4w | ||
| 100 | |a Copperud, Roy | ||
| 245 | |a Words on paper | ||
| 260 | |a New York, Estados Unidos | ||
| 260 | |b Hawthorn Books | ||
| 260 | |c 1961 | ||
| 300 | |a 286 páginas | ||
| 650 | |a GRAMÁTICA INGLESA | ||
| 999 | |c 19328 |d 19328 | ||
| 040 | |a cru BVZT | ||
| 942 | |c 15 D |h 415-I C-4w |2 z | ||
